00226nam a2200085Ia 4500001000800000005001700008008004100025245005400066260002000120120701820251016144814.0250824s9999 xx 000 0 und d 0aÖLÜMÜN KIYISINDA cGENÇOSMAN DENİZCİ bHAYAT YAYINLARI